| 000 | 00805cam a2200229 a 4500 | ||
|---|---|---|---|
| 020 | _a0471585750 (alk. paper) | ||
| 020 | _a0471585742 (pbk.) | ||
| 040 | _cDLC | ||
| 082 | 0 | 0 | _a004 J.WI 1993 A004 Or. |
| 100 | 1 | _aRosenberg, Jerry Martin. | |
| 245 | 1 | 0 | _aBusiness dictionary of computers / |
| 260 |
_aNew York : _bJ. Wiley & Sons, _cc1993. |
||
| 300 |
_axii, 403 p. ; _c24 cm. |
||
| 500 | _aRev. and update of: Dictionary of computers, information processing, and telecommunications, 1984. | ||
| 650 | 0 | _aComputers | |
| 650 | 0 | _aElectronic data processing | |
| 650 | 0 | _aTelecommunication | |
| 700 | 1 | _aRosenberg, Jerry Martin. | |
| 856 | 4 | 2 | _uhttp://www.loc.gov/catdir/enhancements/fy0706/93015268-b.html |
| 856 | 4 | 2 | _uhttp://www.loc.gov/catdir/enhancements/fy0706/93015268-d.html |
| 942 | _cEK | ||
| 999 |
_c16388 _d16388 |
||